Entry Nombre personal
001 - NÚMERO DE CONTROL
- campo de control: 79820
003 - IDENTIFICADOR DEL NÚMERO DE CONTROL
- campo de control: BNPHU
005 - FECHA Y HORA DE LA ÚLTIMA TRANSACCIÓN
- campo de control: 20240305081628.0
008 - DATOS DE LONGITUD FIJA
- campo de control de longitud fija: 210909|| aca||aabn | a|a d
040 ## - FUENTE DE LA CATALOGACIÓN
- Centro catalogador/agencia de origen: DO-SdBNP
- Lengua de catalogación: spa
- Centro/agencia transcriptor: BNPHU
- Normas de descripción: rda
100 1# - ENCABEZAMIENTO-NOMBRE DE PERSONA
- Nombre de persona: Frías López, José Ramón
370 ## - LUGAR ASOCIADO
- Lugar de nacimiento: Castillo (Duarte, República Dominicana)
373 ## - GRUPO ASOCIADO
- Grupo asociado: Universidad Autónoma de Santo Domingo
- Grupo asociado: Universidad Iberoamericana (Santo Domingo, República Dominicana)
- Grupo asociado: Universidad del Caribe (Santo Domingo, República Dominicana)
- Grupo asociado: Universidad de la Tercera Edad (Santo Domingo, República Dominicana)
374 ## - OCUPACIÓN
- Ocupación: Abogado
- Ocupación: Profesor de derecho
- Ocupación: Profesor universitario
377 ## - LENGUA/LENGUAJE ASOCIADO
- Código del idioma: spa
400 1# - TRAZADO DE VÉASE--NOMBRE DE PERSONA
- Nombre de persona: López, José Ramón Frías
400 1# - TRAZADO DE VÉASE--NOMBRE DE PERSONA
- Nombre de persona: Frías López, José R.
400 1# - TRAZADO DE VÉASE--NOMBRE DE PERSONA
- Nombre de persona: López, José R. Frías
670 ## - FUENTE DE DATOS ENCONTRADOS
- Cita de la fuente: Work cat.: (DO-SdBNP): Frías López, José Ramón, Organización judicial en la República Dominicana desde 1844 :
670 ## - FUENTE DE DATOS ENCONTRADOS
- Cita de la fuente: Los recursos en las materias civil, comercial, laboral, inmobiliaria y ante el Tribunal constitucional, 2013
670 ## - FUENTE DE DATOS ENCONTRADOS
- Cita de la fuente: Organización Judicial en República Dominicana desde 1844, 2017
